| 000 | 00723nas a2200229 4500 | ||
|---|---|---|---|
| 001 | BR7307988 | ||
| 003 | BR-BrBNA | ||
| 005 | 20231205082642.0 | ||
| 007 | ta | ||
| 008 | 230509b bl.|||p| |||| 00| 00por d | ||
| 040 |
_aBR-BrBNA _bpor _cBiblioteca Nacional de Agricultura |
||
| 041 | _a(Pt) | ||
| 072 | _aQ10 | ||
| 100 | 1 | _aHansen, H.A. | |
| 245 | 1 | _aArmazenamento e transporte de frutas, hortalicas e flores em atmosfera controlada | |
| 650 | _aFRUTA | ||
| 650 | _aHORTALICA | ||
| 650 | _aARMAZENAMENTO DE ALIMENTO | ||
| 773 | 0 |
_tBoletim do Instituto de Tecnologia de Alimentos (Brazil) _xISSN 0366-0281 _g(Jun 1973), (no. 34) p. 69-77 _wBR7307988 |
|
| 909 |
_a202311 _bLúcia _c55 _dLúcia Elande |
||
| 942 |
_2AGRIS _n0 _cANA |
||
| 999 |
_c93491 _d93491 |
||